[Event "Russian Championship G13 2016"]
[Site "Loo"]
[Date "2016.04.27"]
[Round "8.14"]
[White "Deminova, Maria"]
[Black "Slesareva, Miraslava"]
[Result "0-1"]
[WhiteElo "1541"]
[BlackElo "1711"]
[PlyCount "204"]
[EventDate "2016.04.20"]

1. d4 d5 2. Nf3 Bf5 3. c4 c6 4. Nc3 Nf6 5. g3 e6 6. a3 Bd6 7. cxd5 cxd5 8. Bg2
Nc6 9. O-O O-O 10. Nb5 Bb8 11. Nc3 h6 12. b3 a6 13. Bb2 Ba7 14. Rc1 Rc8 15. Qd2
Na5 16. Qd1 Qb6 17. b4 Nc4 18. Na4 Qd6 19. Qb3 Nd7 20. Nc5 Bxc5 21. dxc5 Qc7
22. Ba1 f6 23. Rfd1 Bg6 24. Nh4 Bf7 25. e4 b5 26. exd5 exd5 27. Bxd5 Bxd5 28.
Rxd5 Nb8 29. Nf5 Kh8 30. Qf3 Qf7 31. Rcd1 Rce8 32. Qg4 Kh7 33. Nh4 Ne5 34. Qf5+
g6 35. Qf4 Nc4 36. a4 Re2 37. axb5 axb5 38. Qg4 Rfe8 39. Bc3 h5 40. Qf4 R2e6
41. Rd8 Rxd8 42. Rxd8 Nc6 43. Ra8 N4e5 44. Nf3 Qb7 45. Rf8 Qg7 46. Ra8 Qb7 47.
Ra1 Qe7 48. Bd2 g5 49. Qf5+ Kg7 50. Ra8 Nxf3+ 51. Qxf3 Qf7 52. Qd3 Ne5 53. Qd8
Kg6 54. Qg8+ Qxg8 55. Rxg8+ Kf7 56. Rd8 Ke7 57. Rd5 Nf3+ 58. Kg2 Nxd2 59. Rxd2
Re4 60. Rb2 Rc4 61. Kf3 g4+ 62. Kg2 f5 63. h3 Kf6 64. hxg4 hxg4 65. Kf1 Ke5 66.
Ke2 Ke4 67. Rb3 Rc2+ 68. Ke1 Rc4 69. Kd2 Kd5 70. f3 Kc6 71. fxg4 fxg4 72. Ke3
Kd5 73. Rd3+ Ke5 74. Rb3 Kd5 75. Rb2 Kc6 76. Rb1 Rc3+ 77. Kf4 Rc4+ 78. Kf5 Rd4
79. Ke5 Rd3 80. Kf4 Rd4+ 81. Kf5 Rc4 82. Rb3 Rd4 83. Ke6 Re4+ 84. Kf6 Rd4 85.
Ke7 Re4+ 86. Kd8 Rd4+ 87. Kc8 Rc4 88. Kb8 Rd4 89. Ka7 Re4 90. Ka6 Re1 91. Ra3
Rb1 92. Ka5 Rb2 93. Ra1 Rb3 94. Ka6 Rxb4 95. Ka5 Ra4+ 96. Rxa4 bxa4 97. Kxa4
Kxc5 98. Kb3 Kd4 99. Kc2 Ke3 100. Kd1 Kf2 101. Kd2 Kxg3 102. Ke1 Kh2 0-1

[Event "Russian Championship G13 2016"]
[Site "Loo"]
[Date "2016.04.27"]
[Round "8.15"]
[White "Vorobyova, Ekaterina"]
[Black "Bandurina, Sofiya"]
[Result "0-1"]
[WhiteElo "1625"]
[BlackElo "1558"]
[PlyCount "100"]
[EventDate "2016.04.20"]

1. d4 f5 2. Nc3 g6 3. Bf4 Nf6 4. Qd2 Bg7 5. f3 d6 6. e4 h6 7. Bc4 c6 8. O-O-O
g5 9. Be3 fxe4 10. fxe4 Ng4 11. h4 Nxe3 12. Qxe3 e5 13. dxe5 Bxe5 14. Kb1 Bg4
15. Rf1 Qb6 16. Bf7+ Ke7 17. Qd2 Bf4 18. Rxf4 gxf4 19. Qxf4 Qd4 20. Qxg4 Kxf7
21. Nge2 Qf6 22. Rd1 Rg8 23. Qh3 Qe6 24. Qf3+ Ke8 25. Rf1 Nd7 26. Nd4 Qg6 27.
Nf5 Ne5 28. Qf4 h5 29. Rd1 Rd8 30. Nxd6+ Rxd6 31. Qxe5+ Kd7 32. Rf1 Re8 33. Qh2
Re7 34. Qg1 b6 35. Rd1 Rg7 36. e5 Rxd1+ 37. Qxd1+ Ke6 38. Qd6+ Kf5 39. Qd3+
Kxe5 40. Qe3+ Kd6 41. Qd4+ Kc7 42. Qe5+ Kb7 43. Ne4 Qxg2 44. Nd6+ Ka6 45. b3
Rd7 46. Qd4 b5 47. Qc5 Qf1+ 48. Kb2 Qf6+ 49. c3 Qxd6 50. Qxh5 Qd2+ 0-1

[Event "Russian Championship G13 2016"]
[Site "Loo"]
[Date "2016.04.27"]
[Round "8.16"]
[White "Komendrovskaya, Olga"]
[Black "Shumakova, Svetlana"]
[Result "1/2-1/2"]
[WhiteElo "1557"]
[BlackElo "1589"]
[PlyCount "82"]
[EventDate "2016.04.20"]

1. e4 c5 2. Nf3 a6 3. d4 cxd4 4. Nxd4 Nf6 5. Nc3 e5 6. Nb3 Bb4 7. Bg5 Bxc3+ 8.
bxc3 Qb6 9. Bxf6 Qxf6 10. Bc4 Qc6 11. Qd3 O-O 12. O-O Qg6 13. Rad1 Nc6 14. Bd5
Rd8 15. Nd2 Ne7 16. c4 Nxd5 17. cxd5 d6 18. Nc4 b5 19. Nb6 Rb8 20. Nxc8 Rdxc8
21. f3 Rc4 22. Qb3 Qf6 23. Rd3 Rbc8 24. Rf2 Qd8 25. Qb2 Qb6 26. Kf1 Qc5 27.
Rdd2 f6 28. Rfe2 Rc3 29. Rd3 Kf7 30. Rxc3 Qxc3 31. Qb3 Ke7 32. Re3 Qa1+ 33. Kf2
Qd4 34. Kg3 Qd2 35. Qd3 Qa5 36. Qa3 Qb6 37. Qb3 Qc5 38. Re2 Qc3 39. Re3 Qd2 40.
Qd3 Qa5 41. Qa3 Qb6 1/2-1/2

[Event "Russian Championship G13 2016"]
[Site "Loo"]
[Date "2016.04.27"]
[Round "8.17"]
[White "Lintsova, Liliya"]
[Black "Plekhanova, Ekaterina"]
[Result "1/2-1/2"]
[WhiteElo "1557"]
[BlackElo "1572"]
[PlyCount "99"]
[EventDate "2016.04.20"]

1. c4 g6 2. Nc3 Bg7 3. g3 Nf6 4. Bg2 O-O 5. Nf3 c6 6. O-O d5 7. d3 Bf5 8. e3
Na6 9. cxd5 cxd5 10. a3 Bd7 11. Rb1 Nc7 12. b4 e6 13. Bb2 Nfe8 14. Ne2 Bxb2 15.
Rxb2 Nd6 16. Qb3 Qe8 17. Rc1 Ba4 18. Qa2 Ncb5 19. Nd2 Rc8 20. Rbb1 Qd7 21. Nb3
b6 22. Bf3 Rxc1+ 23. Rxc1 Rc8 24. Rxc8+ Qxc8 25. Ned4 Nxd4 26. Nxd4 Qc3 27. Be2
Nb5 28. Nxb5 Bxb5 29. a4 Bxd3 30. Bxd3 Qxd3 31. a5 Qc3 32. axb6 axb6 33. b5 Qc4
34. Qa6 Qc5 35. Qa8+ Kg7 36. Qa1+ Kh6 37. Qa4 Qc1+ 38. Kg2 Qc3 39. Qf4+ Kg7 40.
Qd6 Qa5 41. Qd7 Qb4 42. h3 Qe4+ 43. Kg1 Qa4 44. g4 Qa1+ 45. Kg2 Qa8 46. Qc6 Qd8
47. Qc3+ Kg8 48. Qd4 Qd6 49. f4 h6 50. Kg3 1/2-1/2

[Event "Russian Championship G13 2016"]
[Site "Loo"]
[Date "2016.04.27"]
[Round "8.18"]
[White "Vostrikova, Stanislava"]
[Black "Baiburina, Kamilla"]
[Result "0-1"]
[WhiteElo "1581"]
[BlackElo "1841"]
[PlyCount "88"]
[EventDate "2016.04.20"]

1. e4 e5 2. Nf3 d6 3. d4 exd4 4. Nxd4 Nf6 5. Nc3 Be7 6. h3 O-O 7. Be3 Nc6 8.
Bc4 a6 9. a4 Re8 10. O-O h6 11. f4 Bf8 12. Qf3 Bd7 13. Rae1 Nxd4 14. Bxd4 Bc6
15. Bxf6 Qxf6 16. Bd5 Bxd5 17. Nxd5 Qxb2 18. Kh1 Rac8 19. c3 c6 20. Nb4 a5 21.
Rb1 Qa3 22. Ra1 Qb3 23. Rfb1 Qc4 24. Nc2 Rxe4 25. Nd4 Rce8 26. Rc1 Re3 27. Qg4
Rxc3 28. Rxc3 Qxc3 29. Qd1 Re4 30. Nf3 Rxf4 31. Qb1 d5 32. Qd1 Bb4 33. Rc1 Qe3
34. Qf1 d4 35. Qd1 d3 36. Qg1 Qxg1+ 37. Kxg1 c5 38. Rd1 c4 39. Kf1 d2 40. Ke2
Re4+ 41. Kf2 c3 42. Nxd2 cxd2 43. Kf3 Re1 44. Rxe1 dxe1=Q 0-1

[Event "Russian Championship G13 2016"]
[Site "Loo"]
[Date "2016.04.27"]
[Round "8.19"]
[White "Sumarokova, Alina"]
[Black "Maltseva, Ekaterina"]
[Result "1-0"]
[WhiteElo "1780"]
[BlackElo "1520"]
[PlyCount "67"]
[EventDate "2016.04.20"]

1. e4 c5 2. Nf3 d6 3. d4 cxd4 4. Nxd4 Nf6 5. Nc3 g6 6. Be3 Bg7 7. f3 O-O 8. Qd2
Nc6 9. Bc4 Bd7 10. O-O-O Rc8 11. Bb3 Ne5 12. h4 Nc4 13. Bxc4 Rxc4 14. g4 b5 15.
h5 b4 16. Nd5 Nxd5 17. exd5 Qa5 18. Kb1 Rfc8 19. hxg6 fxg6 20. Qh2 Kf7 21. Ne6
Bxe6 22. dxe6+ Kxe6 23. Qxh7 Bxb2 24. Qxg6+ Bf6 25. Rh5 Qa3 26. Qf5+ Kf7 27.
Rh7+ Ke8 28. Qe6 Kd8 29. Rxd6+ Kc7 30. Qxf6 Kb8 31. Qxe7 R4c7 32. Rd7 Qa5 33.
Rxc7 Rxc7 34. Bf4 1-0

[Event "Russian Championship G13 2016"]
[Site "Loo"]
[Date "2016.04.27"]
[Round "8.21"]
[White "Nur-Mukhametova, Alisa"]
[Black "Markova, Anna"]
[Result "1-0"]
[WhiteElo "1570"]
[BlackElo "1567"]
[PlyCount "59"]
[EventDate "2016.04.20"]

1. Nf3 d5 2. g3 c6 3. Bg2 Nf6 4. O-O Nbd7 5. d4 e6 6. Nbd2 c5 7. c4 cxd4 8.
Nxd4 dxc4 9. Nxc4 Be7 10. Nb5 O-O 11. Nbd6 Bxd6 12. Nxd6 Rb8 13. Nxc8 Qxc8 14.
Bf4 e5 15. Rc1 Qd8 16. Be3 b6 17. Qa4 a5 18. Rfd1 Qe7 19. Rc7 Qe6 20. Rdxd7
Nxd7 21. Rxd7 b5 22. Qd1 Qxa2 23. Bc5 Rfe8 24. Bd5 Qxb2 25. Bxf7+ Kh8 26. Bxe8
Rxe8 27. Rd8 Rg8 28. Qd5 Qc1+ 29. Kg2 Qc4 30. Rxg8# 1-0

[Event "Russian Championship G13 2016"]
[Site "Loo"]
[Date "2016.04.27"]
[Round "8.22"]
[White "Ochirova, Anita"]
[Black "Gaer, Margarita"]
[Result "1-0"]
[WhiteElo "1627"]
[BlackElo "1494"]
[PlyCount "83"]
[EventDate "2016.04.20"]

1. e4 e6 2. d4 d5 3. exd5 exd5 4. c4 Nf6 5. Nc3 Be7 6. Nf3 O-O 7. Bd3 dxc4 8.
Bxc4 Bf5 9. O-O Nbd7 10. Re1 Nb6 11. Bb3 c6 12. Bg5 Qc7 13. Ne5 Rad8 14. Rc1
Qb8 15. Nxf7 Rxf7 16. Rxe7 Rdf8 17. Bxf7+ Rxf7 18. Rxf7 Kxf7 19. Qf3 Bg6 20.
Re1 Qd6 21. Bxf6 gxf6 22. Qe3 Kf8 23. Ne4 Qe7 24. Nc5 Qf7 25. Qa3 Kg8 26. Qxa7
Nd5 27. Qb8+ Qf8 28. Qxf8+ Kxf8 29. Nxb7 Bf5 30. a4 Bc8 31. Nd6 Ba6 32. Re8+
Kg7 33. Ra8 Nb4 34. Ne8+ Kf7 35. Nc7 Bc4 36. a5 Nd5 37. Nxd5 Bxd5 38. a6 c5 39.
Ra7+ Kg6 40. dxc5 h5 41. Rc7 Ba8 42. a7 1-0

[Event "Russian Championship G13 2016"]
[Site "Loo"]
[Date "2016.04.27"]
[Round "8.23"]
[White "Shchedrova, Tatiana"]
[Black "Rybakova, Anastasiya"]
[Result "0-1"]
[WhiteElo "1443"]
[BlackElo "1562"]
[PlyCount "96"]
[EventDate "2016.04.20"]

1. e4 e6 2. d4 d5 3. e5 b6 4. Nf3 Ne7 5. Bd3 Qd7 6. O-O Ba6 7. Qe2 Bxd3 8. Qxd3
c5 9. c3 Nbc6 10. Na3 Nf5 11. Nc2 Be7 12. Ne3 Nxe3 13. Bxe3 c4 14. Qc2 O-O 15.
b3 b5 16. a4 Na5 17. bxc4 Nxc4 18. axb5 Qxb5 19. Nd2 Nxe3 20. fxe3 Rfc8 21.
Rfc1 a5 22. Nb1 Bb4 23. Qb2 Qc6 24. Rc2 Rab8 25. Qc1 Rc7 26. Raa2 Rbc8 27. cxb4
Qxc2 28. Rxc2 Rxc2 29. Qa3 Rc1+ 30. Kf2 Rxb1 31. bxa5 Ra8 32. a6 Rb6 33. a7 Rb7
34. Qc3 Rbxa7 35. Kf3 h6 36. Qc5 Ra2 37. Qb5 Rc2 38. Qb4 Raa2 39. Qb8+ Kh7 40.
Kg3 Rxg2+ 41. Kh3 Rxh2+ 42. Kg3 Rab2 43. Qc7 h5 44. Qc3 h4+ 45. Kf3 Rbf2+ 46.
Kg4 Rfg2+ 47. Kf3 Rg3+ 48. Kf4 Rf2# 0-1

[Event "Russian Championship G13 2016"]
[Site "Loo"]
[Date "2016.04.27"]
[Round "8.25"]
[White "Galushko, Karina"]
[Black "Portnova, Ksenia"]
[Result "0-1"]
[WhiteElo "1404"]
[BlackElo "1504"]
[PlyCount "94"]
[EventDate "2016.04.20"]

1. d4 Nf6 2. Nf3 e6 3. Bf4 c5 4. e3 b6 5. Nbd2 Bb7 6. h3 Be7 7. Be2 d6 8. c3
Nbd7 9. O-O O-O 10. Qc2 Rc8 11. Rac1 cxd4 12. exd4 Qc7 13. Rfe1 Rfe8 14. Bd3 h6
15. Qd1 Bf8 16. Bb1 e5 17. dxe5 dxe5 18. Bh2 Bd6 19. Qc2 Qc6 20. Ne4 Nxe4 21.
Qxe4 Qxe4 22. Bxe4 Bxe4 23. Rxe4 Nc5 24. Re2 f6 25. Rd1 Rcd8 26. Nh4 Be7 27.
Red2 Rxd2 28. Rxd2 Rd8 29. Rxd8+ Bxd8 30. b3 Ne4 31. c4 Nc3 32. a4 Nb1 33. f4
e4 34. b4 Be7 35. Kf2 Bxb4 36. Ke3 Nc3 37. Bg3 Nxa4 38. Kxe4 Nb2 39. Kd4 a5 40.
f5 Bc5+ 41. Kc3 Nd1+ 42. Kd2 Ne3 43. Kc3 Kf7 44. Kd3 a4 45. Bf2 a3 46. Bxe3
Bxe3 47. Kxe3 a2 0-1

[Event "Russian Championship G13 2016"]
[Site "Loo"]
[Date "2016.04.27"]
[Round "8.26"]
[White "Kamaeva, Dzhamilya"]
[Black "Strizhnyova, Anna"]
[Result "1-0"]
[WhiteElo "1491"]
[BlackElo "1523"]
[PlyCount "113"]
[EventDate "2016.04.20"]

1. e4 c5 2. Nf3 Nc6 3. c3 g6 4. h3 Bg7 5. Bd3 d6 6. O-O Nf6 7. Bc2 O-O 8. Re1
a6 9. d4 e6 10. Nbd2 Re8 11. Nf1 b5 12. Ng3 Bb7 13. Be3 cxd4 14. cxd4 Rc8 15.
a3 Qd7 16. Rc1 Ne7 17. Bf4 a5 18. Qd2 a4 19. Bh6 Rc7 20. Bxg7 Kxg7 21. Bd3 Rec8
22. Rxc7 Rxc7 23. Qe2 Bc6 24. Rc1 Ne8 25. Qe3 Bb7 26. Rxc7 Nxc7 27. Qg5 Ne8 28.
Bxb5 Bc6 29. Bxc6 Nxc6 30. Qb5 Ne5 31. Qxd7 Nxd7 32. Ne2 Nb6 33. Nc3 Nc7 34.
Kf1 Kf8 35. Ke2 Ke7 36. Kd3 Kd7 37. Ng5 f6 38. Nf3 d5 39. e5 f5 40. Kc2 h6 41.
h4 Kc6 42. Nd2 Na6 43. b3 axb3+ 44. Kxb3 g5 45. h5 Kd7 46. a4 Kc6 47. a5 Nd7
48. Ka4 Ndb8 49. Nb5 Nc7 50. Nxc7 Kxc7 51. Kb5 Kb7 52. Nb3 Nd7 53. Nc5+ Nxc5
54. Kxc5 Kc7 55. a6 f4 56. a7 f3 57. a8=Q 1-0

[Event "Russian Championship G13 2016"]
[Site "Loo"]
[Date "2016.04.27"]
[Round "8.27"]
[White "Ibragimova, Gulnaz"]
[Black "Artamonova, Anna"]
[Result "1/2-1/2"]
[WhiteElo "1412"]
[BlackElo "1514"]
[PlyCount "87"]
[EventDate "2016.04.20"]

1. e4 c5 2. Nf3 g6 3. d4 cxd4 4. Nxd4 Bg7 5. Nc3 Nc6 6. Nf3 Nf6 7. Bc4 O-O 8.
O-O d6 9. h3 Bd7 10. Be3 Rc8 11. Bb3 Na5 12. Bd4 Nc4 13. e5 dxe5 14. Nxe5 Nxe5
15. Bxe5 Bc6 16. Qxd8 Rfxd8 17. Rad1 Kf8 18. Rfe1 h5 19. a4 a6 20. Ba2 Ne8 21.
Bxg7+ Nxg7 22. b4 Rxd1 23. Nxd1 Bxa4 24. c4 Rd8 25. Nc3 Bc6 26. Nd5 Ne6 27. Nc3
Rd2 28. Re2 Rxe2 29. Nxe2 b5 30. c5 Nd8 31. Nd4 Bb7 32. g3 e6 33. Kf1 Nc6 34.
Nxc6 Bxc6 35. Ke2 Ke7 36. Ke3 e5 37. h4 f5 38. f4 Kf6 39. Bg8 Bb7 40. Ba2 Bc6
41. Bg8 e4 42. Ba2 Bb7 43. Bg8 Bc6 44. Ba2 1/2-1/2

[Event "Russian Championship G15 1st league 2016"]
[Site "Loo"]
[Date "2016.04.27"]
[Round "8.1"]
[White "Gutkovich, Polina"]
[Black "Yurasova, Daria"]
[Result "1-0"]
[WhiteElo "1776"]
[BlackElo "1698"]
[PlyCount "73"]
[EventDate "2016.04.20"]

1. e4 e6 2. d4 d5 3. Nd2 Nf6 4. e5 Nfd7 5. Ngf3 c5 6. c3 Nc6 7. Bd3 Be7 8. O-O
O-O 9. Qe2 Re8 10. Re1 Nf8 11. dxc5 Bxc5 12. Nb3 Be7 13. Nbd4 f6 14. Bf4 f5 15.
Rad1 Ng6 16. Bc1 Nxd4 17. Nxd4 Bd7 18. c4 Bc6 19. Nxe6 Qd7 20. Bxf5 Bb4 21. Rf1
Rxe6 22. Qg4 Rae8 23. cxd5 Bxd5 24. Qxb4 Nxe5 25. Bxe6+ Rxe6 26. Bf4 Rg6 27.
Bg3 Qf7 28. Qd4 Nf3+ 29. gxf3 Rg5 30. Qe3 Rf5 31. Rfe1 Qh5 32. Qe8+ Qxe8 33.
Rxe8+ Kf7 34. Re5 Rxe5 35. Bxe5 Bxa2 36. Bc3 Be6 37. Rd4 1-0

[Event "Russian Championship G15 1st league 2016"]
[Site "Loo"]
[Date "2016.04.27"]
[Round "8.2"]
[White "Sosnina, Ekaterina"]
[Black "Aliverdieva, Elina"]
[Result "0-1"]
[WhiteElo "1727"]
[BlackElo "1566"]
[PlyCount "150"]
[EventDate "2016.04.20"]

1. e4 c6 2. d4 d5 3. Nd2 dxe4 4. Nxe4 Nd7 5. Ng5 Ngf6 6. Bd3 e6 7. Qe2 Bd6 8.
N1f3 h6 9. Ne4 Nxe4 10. Qxe4 Nf6 11. Qh4 Ke7 12. Ne5 Bxe5 13. dxe5 Qa5+ 14. c3
Qxe5+ 15. Be3 b6 16. O-O-O g5 17. Qa4 c5 18. Rhe1 Bd7 19. Qc4 Qd5 20. Qa6 Qxg2
21. Be4 Nxe4 22. Rxd7+ Kxd7 23. Qb7+ Kd6 24. f4 gxf4 25. Bxf4+ e5 26. Rd1+ Ke6
27. Qd7+ Kf6 28. Bxe5+ Kxe5 29. Qe7+ Kf5 30. Qxf7+ Nf6 31. Rd6 Qg1+ 32. Rd1
Qxd1+ 33. Kxd1 Rad8+ 34. Kc2 Rh7 35. Qc4 Rhd7 36. Qf1+ Kg6 37. Qf4 Rd2+ 38. Kb3
h5 39. Qg3+ Kf7 40. Qc7+ R8d7 41. Qf4 R2d5 42. h4 b5 43. a3 c4+ 44. Ka2 a6 45.
a4 Kg6 46. Qg3+ Ng4 47. Qf4 Rf5 48. Qe4 Rdf7 49. Qe6+ R5f6 50. Qe4+ Kh6 51. Qd5
Rf5 52. Qd6+ R7f6 53. Qd2+ Kg7 54. Qd7+ Rf7 55. Qd4+ Ne5 56. Qg1+ Kh7 57. Qd4
Nf3 58. Qd6 bxa4 59. Qxa6 Nxh4 60. Qxc4 Rf4 61. Qd3+ Ng6 62. Qh3 h4 63. Qe6 Rf3
64. c4 h3 65. Qd5 R3f5 66. Qh1 Rh5 67. Qh2 Nf4 68. c5 Rxc5 69. Qf2 Rh5 70. Qh2
Ng6 71. Ka3 Rh4 72. Ka2 Rff4 73. Ka3 Kh6 74. Ka2 Rfg4 75. Qd2+ Rg5 0-1

[Event "Russian Championship G15 1st league 2016"]
[Site "Loo"]
[Date "2016.04.27"]
[Round "8.3"]
[White "Perch, Sofya"]
[Black "Zinatullina, Adelya"]
[Result "0-1"]
[WhiteElo "1723"]
[BlackElo "1775"]
[PlyCount "70"]
[EventDate "2016.04.20"]

1. d4 Nf6 2. Nf3 e6 3. c4 Bb4+ 4. Bd2 a5 5. a3 Bxd2+ 6. Nbxd2 d5 7. e3 O-O 8.
Bd3 Nbd7 9. O-O b6 10. Rc1 dxc4 11. Nxc4 Bb7 12. Nce5 c5 13. Nxd7 Nxd7 14. Qe2
cxd4 15. exd4 Nf6 16. Rfd1 Nd5 17. Qe4 g6 18. Qg4 Qf6 19. Ne5 Qf4 20. Qh3 Nf6
21. Bb1 Rad8 22. g3 Qg5 23. Qf1 Ng4 24. Nc6 Rd6 25. Be4 Rc8 26. d5 Kf8 27. dxe6
Rxe6 28. Qg2 Qf6 29. Nd8 Rxe4 30. Nxb7 Rxc1 31. Rxc1 Re2 32. Qf1 Rxf2 33. Qd1
Rg2+ 34. Kh1 Rxh2+ 35. Kg1 Qf2# 0-1

[Event "Russian Championship G15 1st league 2016"]
[Site "Loo"]
[Date "2016.04.27"]
[Round "8.4"]
[White "Martysh, Darja"]
[Black "Selezneva, Ekaterina"]
[Result "0-1"]
[WhiteElo "1614"]
[BlackElo "1750"]
[PlyCount "82"]
[EventDate "2016.04.20"]

1. e4 c5 2. Nc3 d6 3. g3 Nc6 4. Bg2 g6 5. d3 Bg7 6. Nge2 e6 7. Be3 Nd4 8. Qd2
Rb8 9. Nd1 b5 10. c3 Nxe2 11. Qxe2 b4 12. O-O Ne7 13. Rc1 bxc3 14. bxc3 Qa5 15.
Qc2 Ba6 16. Bf4 Rb6 17. Re1 O-O 18. Bd2 Qb5 19. c4 Qd7 20. Bc3 Nc6 21. Bxg7
Kxg7 22. Qc3+ f6 23. Ne3 Nd4 24. Nc2 Nxc2 25. Qxc2 e5 26. Rb1 Rfb8 27. Rb3 Rxb3
28. axb3 Bc8 29. Ra1 Qb7 30. Rb1 Qb4 31. Qa2 a5 32. Bf3 a4 33. Bd1 a3 34. Bc2
Ra8 35. Ra1 Bh3 36. Qb1 a2 37. Qc1 Qc3 38. f4 Qd4+ 39. Kh1 Qf2 40. Qg1 Qf3+ 41.
Qg2 Qxg2# 0-1

[Event "Russian Championship G15 1st league 2016"]
[Site "Loo"]
[Date "2016.04.27"]
[Round "8.5"]
[White "Malozemova, Darya"]
[Black "Burnyasheva, Elena"]
[Result "0-1"]
[WhiteElo "1643"]
[BlackElo "1664"]
[PlyCount "118"]
[EventDate "2016.04.20"]

1. d4 d5 2. Bf4 Nf6 3. Nf3 c5 4. e3 Nc6 5. c3 e6 6. Bd3 Bd6 7. Bg3 O-O 8. Ne5
Ne7 9. h4 b6 10. Nd2 Bb7 11. f4 Ne4 12. Rh3 Nf5 13. Bf2 Nxf2 14. Kxf2 f6 15.
Nef3 cxd4 16. Nxd4 Nxd4 17. cxd4 e5 18. Qh5 e4 19. Be2 f5 20. Rg3 Be7 21. Qh6
Bf6 22. Rh1 Rc8 23. Bd1 Qe7 24. Qh5 Qb4 25. Qe2 Qxb2 26. Bb3 Qa3 27. Rgh3 Kh8
28. g4 fxg4 29. Qxg4 Qd6 30. Nf1 Bxd4 31. f5 Be5 32. Kg2 d4 33. Rg1 dxe3 34.
Nxe3 Qf6 35. h5 h6 36. Kh1 Rc3 37. Qd1 Bd4 38. Rg6 Qe5 39. Qg1 Bxe3 40. Rxe3
Qxf5 41. Bd1 Rxe3 42. Qxe3 Qf1+ 43. Rg1 Qf4 44. Qxf4 Rxf4 45. Kg2 e3+ 46. Kg3
Rf8 47. Re1 Re8 48. Be2 Bd5 49. a4 Bf7 50. Rb1 Re4 51. a5 bxa5 52. Rb8+ Re8 53.
Rb7 Bd5 54. Rxa7 Ra8 55. Rc7 a4 56. Bc4 Bxc4 57. Rxc4 a3 58. Rc1 a2 59. Ra1 Ra3
0-1

[Event "Russian Championship G15 1st league 2016"]
[Site "Loo"]
[Date "2016.04.27"]
[Round "8.6"]
[White "Tsvetkova, Vladislava"]
[Black "Fairuzova, Zulfiiya"]
[Result "1-0"]
[WhiteElo "1570"]
[BlackElo "1659"]
[PlyCount "113"]
[EventDate "2016.04.20"]

1. e4 c5 2. c3 g6 3. d4 cxd4 4. cxd4 Bg7 5. Nf3 d6 6. Be2 Nf6 7. Nc3 a6 8. Be3
b5 9. Qb3 O-O 10. O-O Bb7 11. d5 Qa5 12. Bd3 Nbd7 13. Rfc1 Rfc8 14. Qd1 Qd8 15.
Nd4 Nc5 16. f3 Nfd7 17. Rc2 Nxd3 18. Qxd3 Ne5 19. Qe2 Nc4 20. Rac1 Nxe3 21.
Qxe3 Qb6 22. Nf5 Qxe3+ 23. Nxe3 Kf8 24. a4 b4 25. Ne2 Ke8 26. b3 a5 27. Rxc8+
Rxc8 28. Rxc8+ Bxc8 29. Kf2 Ba6 30. Nc2 Kd7 31. Ned4 Bd3 32. Ke3 Bxc2 33. Nxc2
Kc7 34. Kd3 Kb7 35. Ne3 Be5 36. h3 Ka6 37. Nc4 Bh2 38. Ke3 Bg1+ 39. Kf4 h6 40.
e5 Bc5 41. Ke4 f6 42. exf6 exf6 43. g4 g5 44. Kf5 Bd4 45. Nxd6 Kb6 46. Nc4+ Kc5
47. Ke6 Bf2 48. d6 Bg3 49. d7 Bc7 50. Ke7 Kd4 51. d8=Q+ Bxd8+ 52. Kxd8 Kd3 53.
Ke7 Ke2 54. Kxf6 Kxf3 55. Kg6 Kg3 56. Kxh6 Kxh3 57. Kxg5 1-0

[Event "Russian Championship G15 1st league 2016"]
[Site "Loo"]
[Date "2016.04.27"]
[Round "8.7"]
[White "Turko, Anastasia"]
[Black "Gusenkova, Karina"]
[Result "1-0"]
[WhiteElo "1612"]
[BlackElo "1431"]
[PlyCount "139"]
[EventDate "2016.04.20"]

1. e4 d6 2. d4 Nf6 3. f3 Nbd7 4. c4 e5 5. d5 Be7 6. Nc3 O-O 7. Bd3 Nc5 8. Bc2
Ne8 9. b4 Na6 10. a3 f5 11. Nge2 Bh4+ 12. g3 Be7 13. exf5 Bxf5 14. Bxf5 Rxf5
15. Qd3 Rf8 16. Bd2 Bg5 17. O-O-O Bxd2+ 18. Rxd2 Nb8 19. Ne4 a5 20. b5 Nd7 21.
Qe3 Nef6 22. N2c3 h6 23. g4 Nxe4 24. Nxe4 Nf6 25. Ng3 Nh7 26. h4 Qf6 27. Nf5 e4
28. Kc2 exf3 29. Qxf3 Kh8 30. Qd3 h5 31. Ne3 hxg4 32. Nxg4 Qf5 33. Qxf5 Rxf5
34. Rf2 Rxf2+ 35. Nxf2 Rf8 36. Nd3 Nf6 37. Nf4 Re8 38. Kd3 Kg8 39. Rg1 Nd7 40.
Ne6 Nc5+ 41. Nxc5 dxc5 42. b6 cxb6 43. Rb1 Rf8 44. Rxb6 Rf3+ 45. Kc2 Rxa3 46.
Rxb7 Ra4 47. Kc3 Ra3+ 48. Rb3 Ra1 49. Rb5 Rc1+ 50. Kd3 a4 51. Rxc5 a3 52. Ra5
Rh1 53. Kd4 Rxh4+ 54. Kc5 Rh3 55. Kc6 Rd3 56. d6 Kf7 57. c5 Ke6 58. Kc7 Rd5 59.
Kc6 Rd3 60. Ra8 g5 61. Re8+ Kf7 62. d7 a2 63. Re1 g4 64. Kc7 Ra3 65. d8=Q a1=Q
66. Rxa1 Rxa1 67. Qd7+ Kg6 68. Qxg4+ Kf7 69. Qf5+ Kg8 70. Qg6+ 1-0

[Event "Russian Championship G15 1st league 2016"]
[Site "Loo"]
[Date "2016.04.27"]
[Round "8.9"]
[White "Kiseleva, Elizaveta"]
[Black "Hilova, Vlada"]
[Result "0-1"]
[WhiteElo "1542"]
[BlackElo "1852"]
[PlyCount "92"]
[EventDate "2016.04.20"]

1. e4 c6 2. d4 d5 3. e5 c5 4. c3 cxd4 5. cxd4 Nc6 6. Nf3 Bg4 7. Be2 e6 8. O-O
Qb6 9. Nc3 Bxf3 10. Bxf3 Qxd4 11. Be3 Qxd1 12. Raxd1 Nxe5 13. Nb5 Nxf3+ 14.
gxf3 Kd7 15. Nxa7 Ne7 16. a3 Nf5 17. Bb6 Nd6 18. Rfe1 Nc4 19. Bd4 f6 20. Nb5
Be7 21. Bc3 Rhc8 22. Nd4 Ra6 23. Re2 g6 24. Rc1 e5 25. Nb3 Rb6 26. Na5 Nxa5 27.
Rd1 Nc4 28. Rxd5+ Ke6 29. Rd1 Rd6 30. Rde1 Rcd8 31. b3 Nd2 32. Bxd2 Rxd2 33. a4
Rxe2 34. Rxe2 Rd3 35. Re3 Rxe3 36. fxe3 Kd5 37. Kf2 Kc5 38. Ke2 Kb4 39. Kd3
Kxb3 40. e4 Kxa4 41. Kc3 b5 42. h4 b4+ 43. Kb2 b3 44. Kb1 Ka3 45. Ka1 b2+ 46.
Kb1 Kb3 0-1

[Event "Russian Championship G15 1st league 2016"]
[Site "Loo"]
[Date "2016.04.27"]
[Round "8.10"]
[White "Plaksina, Sofya"]
[Black "Pikalova, Sofya"]
[Result "0-1"]
[WhiteElo "1630"]
[BlackElo "1728"]
[PlyCount "120"]
[EventDate "2016.04.20"]

1. e4 c5 2. Nf3 e6 3. c3 Nf6 4. e5 Nd5 5. d4 cxd4 6. cxd4 d6 7. Nc3 Nxc3 8.
bxc3 Nd7 9. Bf4 Qc7 10. Qb3 b6 11. Be2 Bb7 12. O-O Rc8 13. exd6 Bxd6 14. Bxd6
Qxd6 15. a4 O-O 16. a5 Bd5 17. c4 Bxf3 18. Bxf3 Qxd4 19. Rfd1 Nc5 20. Qb5 Qf4
21. axb6 axb6 22. Qxb6 Qxc4 23. Rac1 Na4 24. Qe3 Nc3 25. Re1 Qc5 26. Qxc5 Rxc5
27. g3 Rfc8 28. Ra1 g6 29. Ra7 R8c7 30. Rea1 Rxa7 31. Rxa7 Kg7 32. Bg4 Kf6 33.
Kf1 Rc4 34. Bf3 g5 35. Bh5 g4 36. Rxf7+ Kg5 37. Rxh7 Ne4 38. Be8 Rc2 39. Rf7
Nd6 40. Re7 Kf6 41. Ra7 Nxe8 42. Rh7 Nd6 43. Rh6+ Kf5 44. h3 gxh3 45. Rxh3 Ne4
46. f4 Kg4 47. Rh6 Nxg3+ 48. Ke1 Kf5 49. Kd1 Rf2 50. Rh3 Kxf4 51. Rh4+ Kg5 52.
Rd4 e5 53. Rd5 Kf4 54. Rd3 e4 55. Rc3 e3 56. Ke1 Re2+ 57. Kd1 Rd2+ 58. Ke1 Ra2
59. Rc4+ Kf3 60. Rc1 Rf2 0-1

[Event "Russian Championship G15 1st league 2016"]
[Site "Loo"]
[Date "2016.04.27"]
[Round "8.11"]
[White "Tolkacheva, Anna"]
[Black "Khairullina, Gulshat"]
[Result "0-1"]
[WhiteElo "1702"]
[BlackElo "1157"]
[PlyCount "104"]
[EventDate "2016.04.20"]

1. e4 e5 2. Nf3 Nc6 3. Bb5 d6 4. d4 exd4 5. Nxd4 Bd7 6. Bxc6 bxc6 7. O-O Nf6 8.
Qe2 Be7 9. Rd1 O-O 10. e5 dxe5 11. Nxc6 Qe8 12. Nxe7+ Qxe7 13. Bg5 Rfd8 14. Nc3
Bc6 15. Rxd8+ Rxd8 16. Re1 h6 17. Bxf6 gxf6 18. Qh5 Qf8 19. Re3 Rd2 20. Rg3+
Kh8 21. Qf5 Rd6 22. h3 Bd7 23. Qe4 Bc6 24. Qe3 Rd4 25. Ne2 Re4 26. Qd3 Qd6 27.
Qxd6 cxd6 28. Re3 Rxe3 29. fxe3 f5 30. Ng3 Be4 31. Nxe4 fxe4 32. Kf2 Kg7 33. g4
Kf6 34. Kg3 d5 35. c3 Ke6 36. b4 d4 37. cxd4 exd4 38. exd4 Kd5 39. Kf2 Kxd4 40.
a4 Kc4 41. Ke3 Kxb4 42. Kxe4 Kxa4 43. Kf5 Kb4 44. g5 hxg5 45. Kxg5 a5 46. h4 a4
47. h5 a3 48. h6 a2 49. Kf6 a1=Q+ 50. Kxf7 Qh8 51. Kg6 Kc5 52. h7 Kd5 0-1

[Event "Russian Championship G15 1st league 2016"]
[Site "Loo"]
[Date "2016.04.27"]
[Round "8.12"]
[White "Kolesnikova, Kseniya"]
[Black "Polyanskaya, Elizaveta"]
[Result "0-1"]
[WhiteElo "1526"]
[BlackElo "1701"]
[PlyCount "66"]
[EventDate "2016.04.20"]

1. e4 c5 2. Nc3 e6 3. Nf3 Nc6 4. d4 cxd4 5. Nxd4 Nf6 6. Nxc6 bxc6 7. e5 Nd5 8.
Nxd5 cxd5 9. Be3 Qc7 10. Bd4 Bc5 11. c3 Rb8 12. Rb1 Bxd4 13. Qxd4 O-O 14. Bd3
Rb6 15. O-O d6 16. exd6 Rxd6 17. f4 Ba6 18. Rbe1 Bxd3 19. Qxd3 Qb6+ 20. Qe3
Qxb2 21. Qxa7 Qxc3 22. Rc1 Qd2 23. a4 Rdd8 24. Qc5 Ra8 25. Rf2 Qa5 26. Ra2 h6
27. Kf2 Rfb8 28. Qxa5 Rxa5 29. g3 Rb4 30. Rc8+ Kh7 31. Rc7 Kg6 32. h4 Rbxa4 33.
Rxa4 Rxa4 0-1